| 000 | 01310nam a22003377a 4500 | ||
|---|---|---|---|
| 001 | 276 | ||
| 003 | OSt | ||
| 005 | 20250528074016.0 | ||
| 008 | 250314b |||||||e |||| 00| f eng d | ||
| 040 | _bpor | ||
| 041 |
_heng _apor |
||
| 082 |
_a813 _bH488s |
||
| 100 | 1 |
_aHemingway, Ernest, _d1899-1961. _9508 |
|
| 240 | _aThe Sun Also Rises | ||
| 245 |
_aO sol também se levanta / _cHemingway, Ernest ; Tradução de Berenice Xavier |
||
| 250 | _a2 ed. | ||
| 260 |
_aRio de Janiero _bAbril _c1971 |
||
| 300 | _a266 p. | ||
| 490 | 1 | _aOs Imortais da Literatura Universal | |
| 520 | _aO Sol Também Se Levanta narra as desilusões de um grupo de americanos e ingleses ricos "exilados" em Paris logo após a Primeira Guerra Mundial, a chamada "geração perdida". Em busca de emoções fortes, vão para a Espanha, ao Festival e San Fermin, em Pamplona, onde assistem à "fiesta", espetáculo composto de danças, missas, procissões e touradas. | ||
| 650 | 0 |
_aLiteratura Americana _984 |
|
| 650 | 0 |
_aClássicos _977 |
|
| 650 | 0 |
_aViagens _9189 |
|
| 650 | 0 |
_aRomance Psicológico _9509 |
|
| 650 | 0 |
_aHistórico _953 |
|
| 655 | 0 |
_aRomance _923 |
|
| 655 | 0 |
_aFicção _922 |
|
| 700 |
_aBerenice Xavier _eTRADUTORA _9510 |
||
| 830 |
_aOs Imortais da Literatura Universal _9461 _vvol. 13 |
||
| 942 |
_2ddc _n0 _cBK |
||
| 999 |
_c276 _d276 |
||